[Event "Kish 2nd"]
[Site "Kish"]
[Date "2005.02.05"]
[Round "5"]
[White "Moradiabadi, Elshan"]
[Black "Asanov, Bolat"]
[Result "1-0"]
[WhiteElo "2439"]
[BlackElo "2476"]
[Annotator "Gavrikov,V"]
[PlyCount "117"]
[EventDate "2005.02.02"]
[EventType "tourn"]
[EventRounds "11"]
[EventCountry "IRI"]
[EventCategory "9"]
[SourceTitle "CBM 106"]
[Source "ChessBase"]
[SourceDate "2005.06.06"]
[SourceVersion "1"]
[SourceVersionDate "2005.06.06"]
[SourceQuality "1"]

1. d4 Nf6 2. c4 e6 3. Nc3 Bb4 4. e3 b6 5. Nge2 Ba6 6. a3 Be7 ({This retreat is
quite possible, although the continuation} 6... Bxc3+ 7. Nxc3 d5 {has a better
reputation, because it usually allows Black to solve opening problems easily,
e.g.} 8. Qf3 O-O 9. cxd5 exd5 10. Bxa6 Nxa6 11. O-O c6 (11... c5 12. dxc5 bxc5
$13) 12. Bd2 Nc7 13. Rad1 Qd7 (13... Re8 $5) 14. Qe2 Rfe8 15. f3 Qe7 16. Qf2 c5
17. Ne2 Ne6 18. Bc3 Nc7 19. Bd2 Ne6 20. Bc3 Nc7 21. Bd2 {1/2-1/2 Hellsten,
J-Leitao,R/Santiago 2005/CBM 106_01 (21)}) 7. Ng3 ({More popular is the
alternative} 7. Nf4 d5 8. cxd5 Bxf1 9. Kxf1 {,however after} Nxd5 (9... exd5
10. Qf3 c6 11. g4 g5 12. Nh5 Nxh5 13. gxh5 Na6 14. e4 Nc7 15. h4 $5 gxh4 16.
Bf4 {gives White unpleasant initiative , 1/2-1/2 De Souza,M-Rodriguez,A/Sao
Paulo 2002/CBM 090 ext (49)}) 10. Ncxd5 exd5 11. Qh5 c6 ({also playable is} 
11... Bg5 12. Ne6 g6 13. Qxg5 fxe6 14. Qe5 Kd7 15. Qg7+ Kc8 16. Bd2 Nc6 17. Rc1
Kb7 18. Ke2 Qe7 19. Qxe7 Nxe7 20. f3 Rhd8 21. Be1 Nf5 22. g4 Nd6 {1-0 Taleb,
M-Itkis,B/Alushta 2004/CBM 100 ext (49) with an approximately equal ending})
12. Ne6 g6 13. Qe5 Bf6 14. Nxd8+ Bxe5 15. Nxc6 (15. Nxf7 Kxf7 16. dxe5 Nd7 17.
f4 Nc5 18. b4 Ne4 19. Bb2 Ke6 20. Ke2 h5 21. Rhc1 c5 22. Rab1 a5 $1 $44 {
0-1 Garcia Palermo,C-Sisniega,M/Bayamo 1981/EXT 2003 (42)}) 15... Nxc6 16. dxe5
Nxe5 17. Bd2 Ke7 18. Bc3 f6 19. Ke2 Ke6 20. Rhd1 Rhd8 21. Rd4 f5 22. Rad1 Rd7 {
1/2-1/2 Rechlis,G-Adams,M/Manila 1990/CBM 019 (30) Black is able to hold the
balance.}) 7... d5 8. b3 ({The exchange of the light-squared bishops does not
promise White any real gains:} 8. cxd5 Bxf1 9. Nxf1 ({or} 9. Kxf1 Nxd5 10. e4
Nxc3 11. bxc3 O-O 12. Qg4 Kh8 13. Nh5 Rg8 14. Qf3 Qe8 15. g4 c5 16. d5 Nd7 17.
Bf4 e5 18. Be3 c4 $15 {1/2-1/2 Osnos,V-Bogolepov/Moscow 1964/EXT 2000 (43)})
9... exd5 10. Ng3 Qd7 11. Qf3 Nc6 12. O-O (12. Nf5 Bf8 {followed by g6 and Bg7}
) 12... g6 13. Bd2 O-O 14. Nce2 h5 15. Rfc1 h4 16. Nf1 Ne4 $132 {0-1 Botvinnik,
M-Bronstein,D/Moscow 1951/MainBase (35)}) 8... O-O 9. Bb2 {This move is a
novelty.} ({Earlier} 9. Be2 {was mostly played here, when Black can choose} c5
10. O-O Nc6 {with sufficient counterplay.}) 9... Bb7 {Black tries to disturb
White´s development.} ({But more natural looks the advance} 9... c5 {, e.g.}
10. cxd5 (10. dxc5 dxc4 $1) 10... Bxf1 11. Kxf1 Nxd5 ({worse is} 11... exd5 12.
dxc5 bxc5 13. Nf5) 12. dxc5 Nxc3 13. Bxc3 Qxd1+ (13... Bxc5 $5 14. Qg4 $140
Qd3+ 15. Ne2 g6 $13) 14. Rxd1 Bxc5 {with equality.}) 10. cxd5 Nxd5 11. Bd3 $1
Nxc3 12. Bxc3 Bxg2 $2 {Black underestimates the danger and takes the
"poisoned" pawn.} ({Much more reasonable was} 12... Nd7 13. Qc2 h6 {.}) 13. Rg1
Bb7 14. d5 {Threatening 15.Nf5 or 15.Bxh7+ Kxh7 16.Qh5+ Kg8 17.Nf5.} Bf6 ({
In case of} 14... g6 {White continues his attack by} 15. dxe6 fxe6 16. Qc2 Kf7
17. Nh5 Rg8 18. Nf4 {intending to meet} Qd6 ({or} 18... Bd6 19. Rxg6 $1 hxg6
$140 20. Bxg6+ Ke7 21. Nxe6 $1 Qc8 22. Bf6+ $1 Kd7 23. Nf8+ Bxf8 24. O-O-O+ Bd6
25. Qf5+ Kc6 26. Qe4+ {and mate.}) {with} 19. Rd1 Bd5 20. Rxg6 $1 hxg6 21.
Bxg6+ Kf8 22. Rxd5 exd5 23. Qf5+ Bf6 24. Bxf6 Rxg6 25. Nxg6+ Ke8 26. Ne5 {
winning.}) 15. Qc2 $1 {This simple - but very strong - move dispels Black´s
illusions.} Bxc3+ (15... g6 {does not offer any help either:} 16. dxe6 Qe7 (
16... fxe6 17. Nh5 Bxc3+ 18. Qxc3 Rf7 19. Bxg6 hxg6 20. Rxg6+ Kf8 21. Qh8+ Ke7
22. Rxe6+ Kxe6 23. Qxd8 $18) 17. Nh5 Bxc3+ 18. Qxc3 f5 19. Ng3 Be4 (19... Qxe6
20. Bc4 Bd5 21. Nh5 $18) 20. Nxe4 fxe4 21. Bxe4 c6 22. Bxg6 $1 hxg6 23. Rxg6+
Kh7 24. Qd3 Qd8 (24... Kh8 25. Qe4) 25. Qb1 Qe8 26. Rg3+ Kh6 27. Rh3+ Kg5 28.
Qe4 {with decisive threats.}) 16. Qxc3 Qf6 {Black has no choice but to allow
the penetration of the white rook.} 17. Qxf6 gxf6 18. Nh5+ Kh8 19. Rg7 f5 20.
dxe6 fxe6 21. Rxc7 ({Stronger was to interpolate the moves} 21. Rc1 $1 Bc6 {
first and only now-} 22. Rxc7 {with winning position for White.}) 21... Na6 (
21... Ba6 $142 22. Bc2 Bb5) 22. Bxa6 (22. Rxb7 Nc5 23. Rc7 Nxd3+ 24. Ke2 Ne5 (
24... Nc5 25. Rg1) 25. Nf4 $16) 22... Bxa6 23. Rd1 Bb5 24. Rd6 Be8 25. Ng7 Bg6
26. Nxe6 Rf6 27. Rcd7 Be8 28. Re7 a5 29. Rd4 (29. Rxb6 Bf7 30. Nc7 Rxb6 31.
Nxa8 Rf6 32. b4 axb4 33. axb4 $18) 29... Bf7 30. Ng5 Bg8 31. Rdd7 Bxb3 (31...
h6 32. Nf3 Bxb3 33. Rh7+ Kg8 34. Rdg7+ Kf8 35. Ne5 $18) 32. Rxh7+ Kg8 33. Rdg7+
Kf8 34. Rc7 Kg8 35. Rhg7+ Kh8 36. Rgd7 b5 37. Rh7+ Kg8 38. Rcg7+ Kf8 39. Rb7
Kg8 40. Rxb5 a4 41. Rbb7 Rd8 42. Rbg7+ Kf8 43. Rc7 Kg8 44. Rhg7+ Kh8 45. Nf7+
Kxg7 46. Nxd8+ Kg8 47. Nc6 f4 48. exf4 Bf7 49. Ne5 Bb3 50. Rc3 Rxf4 51. Rg3+
Kh7 52. Rg4 Rf6 53. Rd4 Rh6 54. h4 Rh5 55. Nd3 Rb5 56. Kd2 Kh6 57. Nb2 Kh5 58.
Kc3 Rc5+ 59. Kb4 1-0

[Event "Jakarta Gunadarma"]
[Site "Jakarta"]
[Date "1996.??.??"]
[Round "5"]
[White "Gurevich, Mikhail"]
[Black "Lioe, Dede"]
[Result "1/2-1/2"]
[WhiteElo "2605"]
[BlackElo "2405"]
[Annotator "Gurevich,M"]
[PlyCount "57"]
[EventDate "1996.10.15"]
[EventType "tourn"]
[EventRounds "9"]
[EventCountry "INA"]
[EventCategory "13"]
[SourceTitle "CBM 056"]
[Source "ChessBase"]
[SourceDate "1997.02.01"]
[SourceVersion "1"]
[SourceVersionDate "1997.02.01"]
[SourceQuality "1"]

1. c4 Nf6 2. Nc3 e6 3. d4 Bb4 4. e3 b6 5. Nge2 Ba6 6. a3 Bxc3+ 7. Nxc3 d5 8. b3
O-O 9. Be2 Nc6 10. a4 Na5 11. Ba3 Re8 12. O-O Rc8 13. Nb5 Ne4 14. f3 Bxb5 15.
fxe4 Ba6 16. exd5 $5 {TN} (16. e5 c5 17. dxc5 dxc4 18. b4 Nb3 19. b5 Qg5 20.
Bxc4 Qxe3+ 21. Kh1 Nxa1 22. Qxa1 Qe4 23. Qc1 Bb7 24. c6 Bxc6 25. bxc6 Rxc6 26.
Qf4 Qxf4 27. Rxf4 Rec8 28. Ba6 $13 {1-0 Pliester Leon-Gibeon David/Isle of Man
op (6) 1995 (47)}) 16... exd5 17. Bg4 Rb8 18. Qf3 Nxb3 $5 (18... f6 19. Bf5
Nxb3 (19... g6 20. Bc2 dxc4 21. b4 Nb3 22. Rad1 $36) 20. Qh5 h6 (20... g6 21.
Bxg6 hxg6 22. Qxg6+ Kh8 23. Rf5 $18) 21. Qg6 $40) 19. Qxf7+ Kh8 20. Qh5 {
/\21.Bf5} h6 $1 {/\21...Qg5} (20... Nxa1 21. Bf5 g6 (21... h6 22. Qg6 $18) 22.
Bxg6 Re7 23. Bxe7 Qxe7 24. Rxa1 Bxc4 $14) 21. h4 $2 (21. Rae1 $1 Nd2 $5 (21...
Bxc4 22. Rf7 $36) 22. Rf7 Nxc4 23. Qg6 Qg5 24. Qxg5 hxg5 25. Be7 $36) 21...
Nxa1 22. Qg6 (22. Bf5 Rxe3 23. Qg6 Qg8) 22... Rxe3 $17 23. Bf5 Qg8 24. Bc1 $5 (
24. Rxa1 Bxc4 $19) 24... Re7 $2 (24... Nc2 $1 25. Bxc2 Re6 $17) (24... Rbe8 25.
Bxe3 Rxe3 26. Rxa1 Bxc4 27. g4 $36) 25. Bxh6 $1 $10 gxh6 26. Qxh6+ Rh7 27. Bxh7
Qxh7 (27... Qg7 28. Qh5 Qxh7 29. Qe5+ Qg7 (29... Kg8 30. Qxd5+ $10) 30. Qh5+
Kg8 31. Qxd5+ $40) 28. Rf8+ Rxf8 29. Qxf8+ (29. Qxf8+ Qg8 30. Qh6+ Qh7 31. Qf8+
$10) 1/2-1/2

[Event "ISR-chT"]
[Site "Israel"]
[Date "1999.04.16"]
[Round "8"]
[White "Kaspi, Alexander"]
[Black "Rechlis, Gad"]
[Result "0-1"]
[WhiteElo "2510"]
[BlackElo "2514"]
[Annotator "Kaspi,A"]
[PlyCount "118"]
[EventDate "1999.01.??"]
[EventType "team"]
[EventRounds "11"]
[EventCountry "ISR"]
[SourceTitle "CBM 072"]
[Source "ChessBase"]
[SourceDate "1999.10.01"]
[SourceVersion "1"]
[SourceVersionDate "1999.10.01"]
[SourceQuality "1"]

1. d4 Nf6 2. c4 e6 3. Nc3 Bb4 4. e3 b6 5. Nge2 Ba6 6. a3 Bxc3+ 7. Nxc3 d5 8. b4
Bxc4 9. Bxc4 dxc4 10. Qe2 Qd7 11. Qxc4 Qc6 12. Qxc6+ Nxc6 {[%mdl 4096] The
game has passed to the ending,missing the middlegame.} 13. Bb2 $146 (13. Ke2
Nd5 (13... O-O-O 14. Rd1 Kb7 15. Bb2 Rd7 16. Rac1 Rhd8 {1/2-1/2 Rechlis,
G-Bischoff,K/Bern 1990/CBM 17 (16)}) 14. Bd2 O-O-O 15. Rac1 Kb7 16. Rc2 Rd7 17.
Rhc1 Nxc3+ 18. Bxc3 f6 19. Bd2 Ne7 20. e4 Rc8 21. Be3 Ra8 22. g4 a5 23. b5 Rc8
24. Rc6 Rd6 25. Rxd6 cxd6 $11 {1/2-1/2 Taimanov,M-Hamann,S/Copenhagen 1965/EXT
99 (39)}) 13... O-O-O 14. Rc1 Kb7 15. Ne2 a5 16. b5 Na7 17. a4 c6 18. bxc6+
Nxc6 19. f3 $5 {White decides to stay with the king in the center.Later on by
unaccurate play white allows black to gain the initiative.} (19. O-O Rc8 20.
Nc3 Nb4 21. Nb5 Rhd8 22. Rxc8 Kxc8 23. Rc1+ Kb8 24. Ba3 $14) 19... Nb4 20. Kd2
Nd7 {[%csl Gc5,Ge5][%cal Rd8d2][%mdl 4096]} 21. Rc3 $6 (21. Ba3 $142 Nc5 22.
Rb1 Nxa4 23. Bxb4 axb4 24. Rxb4 Nc5 25. Nc3 $14) 21... Nc5 22. Ra3 $6 {It
allows black to hold down white pieces.Still white had an equality.} (22. Ba3
Nxa4 23. Bxb4 axb4 24. Rc4 $11) 22... e5 23. Rc1 (23. Rb1 Rhe8 24. Bc3 exd4 25.
Nxd4 Nc6 26. Ba1 $15) 23... Rd7 24. e4 exd4 25. Nxd4 Rhd8 26. Ke3 {It looks
like white is safe,but black finds a way to break whites position from the
kingside.} g6 $1 27. g4 f5 $1 28. gxf5 gxf5 29. Rc4 (29. exf5 Re8+ 30. Kd2 Rg7
$17 {[%csl Gb4,Gc5,Ge8][%cal Gg7g2] Black gets an attack on uncovered white
king.}) (29. Nxf5 Ncd3 30. Rb3 Nxc1 31. Bxc1 b5 $1 $19 {creating passed pawn-a.
}) 29... f4+ 30. Ke2 Nc6 $1 {Black decisively opens d-file for black rooks.}
31. Nxc6 Rd2+ 32. Kf1 Kxc6 33. Bf6 R8d7 34. Rac3 Rxh2 35. Rd4 $2 (35. Bd4 $142
Kb7 36. Ke1 {[%cal Gd4c5]} Ne6 37. Bf2 Rh1+ 38. Ke2 Rhd1 39. Rc2 R1d4 $1 $17
40. Rc6 $140 Rd2+ $19) 35... Ra2 36. Rxd7 Kxd7 37. Be5 Rxa4 38. Bxf4 Rb4 39.
Be3 Rb3 $1 {[%mdl 4096] Another great strategical decision.Black sacrifices
b-pawn betting on passed pawn-a.} 40. Rxb3 Nxb3 41. Bxb6 a4 42. Be3 a3 43. Bh6
Nd4 $1 $19 (43... a2 44. Bg7 a1=Q+ 45. Bxa1 Nxa1 46. Kf2 Ke6 47. f4 Nb3 48. Kf3
Nc5 49. Ke3 {and white has large drawing chances.}) 44. Bg7 Nxf3 45. Ke2 Ng5
46. Ke3 Ne6 47. Ba1 Ke7 48. Kf3 Kf7 49. Kg4 Kg6 50. e5 h5+ 51. Kh4 Nf4 52. Kg3
Kg5 53. Kf3 Kf5 54. Kg3 Kg5 55. Kf3 h4 56. Kf2 Kg4 57. Kg1 Kg3 58. Kh1 h3 59.
Bc3 Nd3 0-1

[Event "Moscow Aeroflot op-A1"]
[Site "Moscow"]
[Date "2008.02.16"]
[Round "3"]
[White "Jobava, Baadur"]
[Black "Maletin, Pavel"]
[Result "1-0"]
[WhiteElo "2643"]
[BlackElo "2573"]
[Annotator "Krasenkow,M"]
[PlyCount "57"]
[EventDate "2008.02.14"]
[EventType "swiss"]
[EventRounds "9"]
[EventCountry "RUS"]
[SourceTitle "CBM 123"]
[Source "ChessBase"]
[SourceDate "2008.04.02"]
[SourceVersion "1"]
[SourceVersionDate "2008.04.02"]
[SourceQuality "1"]

1. d4 Nf6 2. c4 e6 3. Nc3 Bb4 4. e3 b6 5. Nge2 Ba6 6. a3 Bxc3+ 7. Nxc3 d5 8. b4
{Quite a logical alternative to the usual moves} (8. b3 {and}) (8. Qf3) 8...
O-O (8... Bxc4 {leads to a simple, slightly better position for White, e.g.} 9.
Bxc4 dxc4 10. Qe2 Qd7 11. Qxc4 Qc6 12. Qxc6+ Nxc6 13. Bb2 O-O-O 14. Rc1 Kb7 15.
Ne2 a5 16. b5 Na7 17. a4 c6 18. bxc6+ Nxc6 19. f3 $5 Nb4 20. Kd2 $14 {0-1
Kaspi,A-Rechlis,G/Israel 1999/CBM 072/[Kaspi,A] (59)}) 9. b5 Bb7 10. a4 $146 {
[%mdl 520] A curious pawn sacrifice.} (10. f3 a6 11. Kf2 c5 12. bxc6 Nxc6 13.
cxd5 Nxd5 14. Nxd5 Qxd5 15. Bb2 Rac8 16. Bd3 Na5 17. e4 Qh5 18. a4 f5 19. exf5
exf5 20. Re1 Qxh2 21. Re5 Be4 22. Bxe4 fxe4 23. Rxe4 Nc4 $36 {1-0 Bekker
Jensen,D-Holst,A/Denmark 1996/EXT 1999 (41)}) (10. cxd5 Nxd5 11. Nxd5 Qxd5 12.
f3 a6 13. Bd3 f5 14. a4 axb5 15. Ba3 b4 16. Bxb4 Rf7 (16... c5 $5) 17. Rc1 Ba6
18. Bc2 Nc6 19. Bb3 Qd7 20. Bc3 Ne7 21. Kf2 Nd5 $15 {0-1 Portisch,L-Huebner,R/
Bugojno 1978/MCL/[Bulletin] (39)}) (10. Bb2 Nbd7 11. f3 Re8 (11... a6 $142 $1)
12. Be2 e5 13. dxe5 Nxe5 14. cxd5 Bxd5 15. O-O Nc4 16. Bxc4 Bxc4 17. Re1 Qxd1
18. Raxd1 Rad8 19. e4 $14 {0-1 Heimerl,L-Cladouras,P/Germany 1983/GER-chT (47)}
) 10... dxc4 {Black accepts the challenge. However, White obtains an open
g-file and attacking chances.} (10... a6 $5 11. Ba3 Re8 {was more solid.}) 11.
Bxc4 Bxg2 12. Rg1 Bb7 13. Bb2 Nbd7 $6 (13... Qd6 $5 14. f4 Qb4 {[%cal Rf6e4]
was more appropriate as White had to exchange queens by} 15. Qb3 Qxb3 16. Bxb3)
14. e4 $1 e5 (14... Nxe4 $4 15. Qg4) 15. f4 $1 exd4 $6 (15... exf4 16. e5 f3 $1
{was the right course, with an unclear position after} 17. Qd2 (17. exf6 $6
Qxf6 {[%csl Re1]}) 17... Nh5 18. Rg4 $44) 16. Qxd4 Qe7 17. O-O-O (17. Bd5 $5
Qc5 18. Qxc5 Nxc5 19. Bxb7 Nxb7 20. Nd5 Ne8 21. Ba3 Nc5 22. e5 $36) 17... Rad8
18. Rg5 h6 19. Rg2 Kh8 20. Rdg1 Rg8 21. Nd5 Bxd5 22. exd5 Rde8 23. Bd3 Qc5+ (
23... Nc5 24. Bc2 $16) 24. Qxc5 Nxc5 (24... bxc5 25. Bf5 Nb6 26. d6 $1 cxd6 27.
Rxg7 Rxg7 28. Bxf6 Reg8 29. a5 Nd5 30. Bxg7+ Rxg7 31. Rxg7 Kxg7 32. Be4 Nc7 33.
b6 axb6 34. axb6 Na6 35. Kc2 $16 {_|_}) 25. Bc2 Nh5 $2 {Losing at once.} (25...
Rd8 26. Rxg7 Rxg7 27. Bxf6 Rdg8 $16) 26. Rg4 $1 {[%cal Rg4h4]} Nxa4 (26... Nf6
27. Rh4 Ncd7 28. Bf5 $18) 27. Bxa4 Re4 28. f5 Nf4 29. Bc2 1-0

[Event "Hoogovens"]
[Site "Wijk aan Zee"]
[Date "1997.01.27"]
[Round "8"]
[White "Lautier, Joel"]
[Black "Nikolic, Predrag"]
[Result "1-0"]
[WhiteElo "2630"]
[BlackElo "2655"]
[Annotator "Lautier,J"]
[PlyCount "61"]
[EventDate "1997.01.18"]
[EventType "tourn"]
[EventRounds "13"]
[EventCountry "NED"]
[EventCategory "16"]
[SourceTitle "CBM 057"]
[Source "ChessBase"]
[SourceDate "1997.04.01"]
[SourceVersion "1"]
[SourceVersionDate "1997.04.01"]
[SourceQuality "1"]

1. d4 {Yudasin,L Psakhis} Nf6 2. c4 e6 3. Nc3 Bb4 4. e3 b6 5. Nge2 Ba6 6. Ng3 (
6. a3 {Yudasin,L} Be7 7. Ng3 d5) 6... Bxc3+ {Psakhis: Old variation nowdays
out of fashion} 7. bxc3 d5 (7... O-O {Yudasin,L} 8. e4 d5 (8... d6 9. Bd3 Nbd7
10. f4 $16) 9. e5 Nfd7 10. cxd5 Bxf1 11. Kxf1 exd5 12. Qg4 $40) 8. Ba3 Bxc4 9.
Bxc4 dxc4 10. O-O {Psakhis: Development more important than pawn.} ({After
gready} 10. Qa4+ {Psakhis} Qd7 11. Qxc4 Qc6 (11... Nc6 {Yudasin,L Yudasin:
with Na5 and 0-0-0 to follow}) 12. Qxc6+ Nxc6 13. c4 O-O-O 14. Rc1 Kb7 15. Ke2
Rd7 16. Bb2 {Psakhis: White just slightly better 1/2-1/2 Lugovoi,A-Yemelin,V /
St.Petersburg ch 1995 (29)}) 10... Qd7 11. Rb1 {Psakhis: Nice move.Lautier
prevents 11.... Qb5} ({Psakhis: Black managed to solve problems after natural} 
11. e4 {Psakhis} Qb5 12. Rb1 (12. Qc2 Nc6 13. Rfe1 O-O-O 14. Reb1 Qa5 15. Bb4
Qg5 16. Qe2 h5 17. Nf1 h4 $132 {Vaiser,A-Rechlis,G, Tel Aviv 1992}) 12... Qa6
13. Bb4 Nbd7 14. a4 c5 15. Ba3 O-O 16. f4 Rad8 17. f5 e5 {0-1 Dearing,
E-Pritchett,C/SCO-ch 1996 (35)}) 11... h5 12. h4 Qc6 (12... Nc6 {Yudasin,L
Yudasin: with the idea of 0-0-0}) 13. e4 (13. Qe2 {Psakhis}) 13... Nbd7 (13...
Nxe4 $2 14. Nxe4 (14. d5 $1 {Psakhis} Qxd5 15. Qa4+ (15. Qxd5 exd5 16. Rfe1 Kd8
17. Nxe4 dxe4 18. Rxe4 c5) 15... c6 (15... Nc6 $2 16. Nxe4 Qxe4 17. Rfe1 Qd5
18. Rbd1 b5 19. Qa6 $18) (15... Nd7 $2 16. Rfd1 Nxc3 17. Qb4 $18) 16. Nxe4 Qxe4
17. Rxb6 $1 Nd7 18. Rxc6 $16 {Psakhis: with desperate future for a black king.}
) 14... Qxe4 15. Re1 (15. Qa4+ Nd7 16. Qxc4 c5) 15... Qd5 16. Re5 $16 {/\ d5})
14. d5 $1 $146 (14. Qe2 {Psakhis} O-O-O 15. Be7 Rde8 16. Bxf6 gxf6 17. Rb4 Reg8
18. Rxc4 Qb7 19. Rb4 Rg4 {1/2-1/2 Cebalo-Nikolic,P/Kavala zt 1985 (42)}) 14...
Qb7 $6 (14... exd5 15. exd5 Qxd5 (15... Nxd5 16. Re1+ (16. Nf5 $5 {Yudasin:
not allowing black to organize his pieces if 0-0-0 white has Qxd5! winning a
piece} Nf4 17. f3 $40) 16... Kd8 17. Qd4 $16 (17. Qd4 {Yudasin,L} Kc8 {with Kb7
})) 16. Re1+ (16. Qe2+ {Psakhis} Qe6 {Psakhis: and I could,t find how White
can win here.}) 16... Kd8 17. Qa4 Re8 18. Red1 Qe6 19. Rb2 $1 $44 {/\ Rbd2, /\
Re2}) 15. dxe6 fxe6 16. Qa4 (16. e5 {Yudasin,L} Nd5) 16... O-O-O (16... Nxe4 $6
{Psakhis} 17. Qxc4 Nec5 18. Bxc5 Qc6 19. Ne4 $40) 17. Qxc4 $16 {ףb7,e6,h5} Kb8
{Psakhis: Lautier got big advantage from opening. Black,s king safe now but
how to protect all pawn weaknesses} 18. Rfd1 (18. Qxe6 $6 Rhe8 19. Qf7 (19. Be7
$2 Ng8 20. Nf5 g6 21. Rfd1 (21. Nd6 Qc6) 21... gxf5 22. Rxd7 Rxd7 23. Qxd7 Rxe7
24. Qd8+ Qc8 $17) 19... Nxe4 20. Rbe1 (20. Nxe4 Rxe4 21. Qxh5 Nf6 $36 {>< h4,
h-file}) 20... Ndf6 (20... Ne5 $2 21. Qxg7 Rd7 22. Qh6 Nxg3 23. fxg3 $16) 21.
Nxe4 (21. Qxg7 $6 Rg8 22. Qf7 Nxg3 23. fxg3 Rxg3 $36 (23... Rd2 $2 24. Qxg8+
Nxg8 25. Rf8+ Qc8 26. Ree8 $18)) (21. Be7 c5 $1 (21... Qd5 $2 22. Qxd5 Rxd5 23.
Nxe4 Rxe7 24. Nxf6 $18) (21... Rd7 $2 22. Rxe4 $18) 22. Rxe4 (22. Nf5 $2 Rd7
23. Qxg7 (23. Nd6 Rdxe7 24. Qxe8+ Rxe8 25. Nxb7 Kxb7 $19) (23. f3 Rdxe7 24.
Nxe7 Rxe7 25. Qg6 Nxc3 $19) 23... Rdxe7 24. Nxe7 Rxe7 25. Qf8+ Re8 $17) 22...
Nxe4 23. Qf4+ Ka8 24. Bxd8 Nxg3 25. Qxg3 Rxd8 26. Qg5 Rd5 $11) 21... Rxe4 (
21... Nxe4 $2 22. f3 $16 (22. Qxh5 Rh8 {/\ Nd2} 23. Qg4 Nd2 $17) (22. Be7 Rc8))
22. f3 (22. Qxg7 $4 Rg4 $19) (22. Rxe4 Qxe4 $11 23. Qxg7 $4 Rg8 $19) 22... Rxe1
23. Rxe1 Qd5 (23... c5 $2 24. Re7 Rd1+ (24... Rd7 25. Qf8+ Qc8 26. Qxg7 $16)
25. Kf2 (25. Kh2 $2 Rd7 26. Rxd7 (26. Qf8+ Qc8 27. Qxg7 $2 Qc7+ $17) 26... Qxd7
27. Qxd7 Nxd7 28. Kg3 $13) 25... Rd2+ 26. Ke1 Rd7 27. Qf8+ Qc8 28. Qxg7 $16)
24. Qxd5 (24. Qxg7 $2 Rg8 25. Qxf6 Qd2 $19) 24... Rxd5 $11) (18. f3 $5 $16 {
Psakhis}) 18... Ne5 (18... Rhe8 19. f3 $16) 19. Qb5 $1 (19. Rxd8+ $6 Rxd8 20.
Qxe6 Re8 21. Qb3 (21. Qf5 $2 Qa6 $17 22. Rb3 Nc4 23. Nxh5 $2 Re5 $19) 21...
Nxe4 22. Qa4 Nf6 $11) (19. Qxe6 $6 Rde8 20. Qf5 (20. Qb3 Nxe4 $11) (20. Be7 Ng6
21. Nf5 Nf4 22. Qc4 Qxe4 23. Qxe4 Nxe4) 20... Qa6 $1 (20... Nc4 {Psakhis} 21.
Bb4 Nxe4 (21... c5 $2 22. Bxc5 Re5 23. Bd6+ $1) (21... a5 22. Qb5 axb4 23. Qxc4
Nxe4 24. Nxe4 $1 Rxe4 (24... Qxe4 25. Rd8+) 25. Rd4 $16) 22. Nxe4 Rxe4 (22...
Qxe4 $2 23. Rd8+) 23. Bf8 $1 $16) 21. Bc5 (21. Rb3 $2 Nc4) 21... Qxa2 22. Bd4
Nfg4 23. Ra1 Qb2 (23... Qc4 $6 24. Qg5 $16 {/\ f3, /\ Nh5, /\ Qg7} (24. f3 $2
Ref8 25. Qg5 Rxf3 26. Bxe5 Qc5+ 27. Bd4 Qxg5 28. hxg5 Rxg3 $17)) (23... Qc2 $6
24. Qg5 {/\ Rd2} Nc6 25. Rd2 Qb3 26. Nxh5 $16) 24. Qg5 Nc6 25. Rab1 Qa2 26. Rf1
Nxd4 27. cxd4 Nxf2 28. Ra1 Qb2 29. Rab1 Qa2 $11) 19... Nc6 (19... Nf7 20. f3
$16 {/\ Qc4, /\ Be7} (20. Be7 $6 Rxd1+ 21. Rxd1 Nxe4 22. Nxe4 Qxe4 $11)) (19...
Neg4 $2 {Yudasin,L} 20. f3 Ne3 $2 21. Rxd8+ Rxd8 22. Qe2 $18) 20. f3 {/\
Nf1-e3 פf6} a6 $6 {>< a6, b6} (20... Ka8 21. Nf1 $16 (21. Qg5 Qa6 $1 22. Qxg7
Qxa3 23. Qxf6 Qxa2 24. Qf7 $14)) (20... Rxd1+ {Psakhis} 21. Rxd1 Rd8 22. Rxd8+
Nxd8 23. Nxh5 Nxh5 24. Qxh5 $16) (20... e5 {Yudasin,L}) 21. Qg5 {ףb7} Rdg8 (
21... Rhg8 {Psakhis} 22. Rxd8+ Nxd8 23. Nxh5 Nf7 24. Qf4 $16) 22. Nf1 {Yudasin:
the knight comes into the game} Nd8 23. Ne3 Qc6 (23... Nf7 {Yudasin,L} 24. Qg6
Ne5 25. Qg3) 24. c4 {Yudasin: with the ideas e5 or c5} Nf7 (24... Qa4 {Psakhis}
25. Rd3) 25. Qg6 (25. Qf4 $6 e5 26. Qf5 g6 27. Qh3 g5 $132) 25... Qe8 (25...
Ne5 26. Qg3 Nfd7 (26... Ned7 $16 {Psakhis}) (26... Nxc4 $4 27. Rdc1 $18) (26...
Nf7 {Yudasin,L} 27. c5 $18) 27. c5 (27. f4 $2 Ng4 $1 $132) 27... b5 28. Rb2 {
/\ Rbd2} (28. Nc2 $5 Nc4 29. Nd4 Qb7 (29... Qa8 30. Nxe6 $18) 30. Nxe6 (30. c6
Qb6 31. cxd7 Nxa3 32. Rbc1 Nc4 33. Kh1 $16 {/\ Qg6}) 30... Nde5 31. Bb2 $16)
28... Nf7 29. Nc2 e5 30. Nb4 Qxc5+ 31. Kh1 $18) 26. Qg3 (26. c5 {Psakhis} b5
27. Nc2) 26... Kc8 (26... Kb7 27. c5 b5 (27... Qa4 28. cxb6 cxb6 29. Bc5 $40)
28. c6+ Qxc6 29. Rbc1 Qb6 30. Bc5 Qa5 (30... Qc6 31. Bd4 $18) 31. e5 Nd5 32.
Nxd5 exd5 33. e6 Nd8 34. e7 Ne6 (34... Nc6 35. Rxd5 Qxa2 36. Rd7 $18) 35. Qe5
Nxc5 36. Qxd5+ $18) (26... Nd7 {Psakhis} 27. c5 b5 28. Qe1) (26... Qc6 {
Yudasin,L} 27. c5 b5 28. Nc4 $1 $18 {Yudasin: with Na5-c6 and after a4}) 27. c5
b5 28. c6 Rh6 $2 {Yudasin: black had to act as quickly as possible since if
not white will win very quick opening the "g" file with somr attacking chances
was probably the only way to try something} (28... Qxc6 $8 29. Rbc1 Qb6 (29...
Qb7 {Psakhis} 30. Qf4 e5 (30... Rh6 31. e5 g5 32. hxg5 Nxg5 33. Kf1 Nd5 34.
Nxd5 exd5 35. Bd6 $40) 31. Qf5+ Kb8 32. Qe6 $16) 30. Rxc7+ (30. Bc5 Qb7) 30...
Qxc7 31. Rc1 Qxc1+ 32. Bxc1 Kb7 33. Bb2 Rh6 34. Qf4 $16) (28... g5 $5 {Psakhis}
29. Bb2 (29. e5 {Yudasin,L} gxh4 30. Qf4 Nd5 31. Nxd5 exd5 32. Qf5+ Kb8 33. e6
Nd8 34. Rxd5)) 29. Rbc1 $18 {/\ Qe1-a5} Nd8 {Psakhis: Only move.} (29... g5 {
Psakhis} 30. Qe1 Kb8 31. Rc5 Qc8 (31... gxh4 32. Qa5 $18) 32. Rxb5+ $1 axb5 33.
Qa5 Nd6 34. Bc5 $18) 30. Rc5 {Yudasin: with the idea Bb4-Ba5} (30. Qe1 $1 {
Psakhis} Nxc6 31. Rd3 Nb8 (31... e5 32. Nf5 $18) (31... Nh7 32. Rdc3 e5 33. Nf5
Rg6 34. Rxc6 $1) 32. Bd6 c6 33. Qa5 {Psakhis: winning immediately}) 30... e5 {
Psakhis: Bad like all other moves.} (30... Nxc6 31. Rdc1 $18) (30... Nf7 {
Psakhis} 31. Qe1 Kb8 32. Qa5 $18) 31. Nf5 (31. Nf5 {Psakhis} Rh7 32. Qe1) 1-0